[Event "61st World Juniors 2024"]
[Site "Gandhinagar IND"]
[Date "2024.06.02"]
[Round "1.49"]
[White "Harshad, S"]
[Black "Mankga, Thabang"]
[Result "1-0"]
[WhiteTitle "FM"]
[WhiteElo "2272"]
[BlackElo "1817"]
[WhiteFideId "46616551"]
[BlackFideId "14334798"]
[EventDate "2024.06.02"]

1. e4 c5 2. Nf3 e6 3. b3 d5 4. Bb5+ Nc6 5. Bb2 Nf6 6. exd5 exd5 7. O-O Be7 8.
Ne5 Qc7 9. Re1 Be6 10. f4 O-O 11. Bxc6 bxc6 12. Qf3 Bf5 13. d3 h5 14. h3 Rfe8
15. g4 hxg4 16. hxg4 Bh7 17. Nd2 Nd7 18. Nxd7 Qxd7 19. Kg2 f5 20. g5 Bg6 21. Be5
Bd6 22. Bxd6 Qxd6 23. Kf2 Kf7 24. Rxe8 Rxe8 25. Re1 Rh8 26. Qg3 Bh5 27. Rh1 g6
28. Nf3 Re8 29. Ne5+ Kg7 30. Re1 Rh8 31. Rh1 Re8 32. Kg2 d4 33. Re1 Qd5+ 34. Kg1
Rh8 35. Qg2 Re8 36. Kf2 Re7 37. Kg3 Kf8 38. Qh1 Kg7 39. Kf2 Kf8 40. Nxg6+ Bxg6
41. Qh8+ 1-0

[Event "61st World Juniors 2024"]
[Site "Gandhinagar IND"]
[Date "2024.06.02"]
[Round "1.50"]
[White "Boricha Yohan"]
[Black "Avinash, Ramesh"]
[Result "0-1"]
[BlackTitle "IM"]
[WhiteElo "1811"]
[BlackElo "2252"]
[WhiteFideId "46672923"]
[BlackFideId "45018340"]
[EventDate "2024.06.02"]

1. e4 c5 2. Nf3 d6 3. d4 cxd4 4. Nxd4 Nf6 5. Nc3 Nc6 6. Bg5 e6 7. Qd2 a6 8.
O-O-O Bd7 9. Kb1 Nxd4 10. Qxd4 Be7 11. Bxf6 gxf6 12. f4 Qa5 13. Be2 Qc5 14. Bf3
Qxd4 15. Rxd4 Bc6 16. Ne2 Rd8 17. Rdd1 b5 18. Nd4 Bb7 19. f5 e5 20. Ne2 b4 21.
c4 Bf8 22. Rd3 Bh6 23. Rhd1 Ke7 24. Ng3 a5 25. b3 Bc6 26. Nf1 Rd7 27. Ne3 Bxe3
28. Rxe3 a4 29. Kb2 Ra8 30. Ra1 Rda7 31. Ree1 Kd7 32. Bd1 axb3 33. Bxb3 Ba4 34.
Re3 Kc6 35. Bxa4+ Rxa4 36. Rh3 Ra3 37. Rxh7 b3 38. Rxf7 bxa2 39. Rxf6 Re3 40. g4
Rb8+ 41. Kc2 Re2+ 42. Kd3 Rxh2 0-1

[Event "61st World Juniors 2024"]
[Site "Gandhinagar IND"]
[Date "2024.06.02"]
[Round "1.53"]
[White "Bizhigitov, Zhangir"]
[Black "Piyush, Kumar"]
[Result "1-0"]
[WhiteTitle "FM"]
[WhiteElo "2212"]
[BlackElo "1795"]
[WhiteFideId "13725599"]
[BlackFideId "25674927"]
[EventDate "2024.06.02"]

1. e4 c5 2. Nf3 Nc6 3. d4 cxd4 4. Nxd4 Nf6 5. Nc3 d6 6. Bg5 e6 7. Bb5 Bd7 8. Qd3
a6 9. Bxc6 bxc6 10. O-O-O e5 11. Nf5 Bxf5 12. exf5 Be7 13. Bxf6 gxf6 14. Qg3 Kf8
15. Qh4 h5 16. g4 d5 17. gxh5 Qa5 18. Rhg1 Qb4 19. Rg4 e4 20. Rdg1 Rb8 21. Nd1
Bd8 22. h6 Ba5 23. Qxf6 1-0

[Event "61st World Juniors 2024"]
[Site "Gandhinagar IND"]
[Date "2024.06.02"]
[Round "1.54"]
[White "Vengatesh, Krishnan C"]
[Black "Vrashank, Chouhan"]
[Result "0-1"]
[BlackTitle "FM"]
[WhiteElo "1790"]
[BlackElo "2209"]
[WhiteFideId "45050457"]
[BlackFideId "25944240"]
[EventDate "2024.06.02"]

1. e4 e6 2. d4 d5 3. Nc3 Bb4 4. e5 c5 5. a3 Bxc3+ 6. bxc3 Ne7 7. Nf3 b6 8. a4
Ba6 9. Bd3 Bxd3 10. Qxd3 Qc7 11. O-O Nd7 12. a5 Rc8 13. axb6 axb6 14. Ra2 Nc6
15. Bd2 h6 16. g4 Na5 17. Bc1 O-O 18. g5 h5 19. Ne1 Rfe8 20. Bf4 Nf8 21. Be3 Ng6
22. Qe2 h4 23. Qg4 cxd4 24. cxd4 Qc4 25. Ra3 Qb4 26. Bc1 Rc4 27. f4 Qb1 28. Qd1
Ne7 29. Rd3 Nf5 30. Rf2 Nxd4 31. Be3 Qxd1 32. Rxd1 Nac6 33. Rb1 b5 34. Bxd4 Nxd4
35. Nf3 Nxc2 36. Nd2 Rb4 37. Rxb4 Nxb4 38. Rf3 Nc6 39. Rc3 Nd4 40. Kf2 Ra8 41.
Rc7 Ra2 42. Ke1 b4 43. Rb7 h3 44. g6 fxg6 45. Rb8+ Kh7 46. Rb7 Kh6 47. Nf1 Nf3+
48. Kd1 Nxh2 49. Ne3 d4 50. Rb8 Kh7 51. Nc4 Nf3 0-1

[Event "61st World Juniors 2024"]
[Site "Gandhinagar IND"]
[Date "2024.06.02"]
[Round "1.55"]
[White "Smirnov, Mark"]
[Black "Katta, Sriansh"]
[Result "1/2-1/2"]
[WhiteTitle "CM"]
[WhiteElo "2203"]
[BlackElo "1753"]
[WhiteFideId "13764594"]
[BlackFideId "30981034"]
[EventDate "2024.06.02"]

1. e4 c5 2. Nf3 Nc6 3. d4 cxd4 4. Nxd4 e5 5. Nb5 d6 6. c4 Be6 7. N1c3 a6 8. Na3
g6 9. Nc2 Bg7 10. Be2 Nf6 11. O-O Rc8 12. b3 O-O 13. Be3 b5 14. cxb5 Ne7 15. Bd2
axb5 16. Bxb5 Qb6 17. Bd3 d5 18. exd5 Nfxd5 19. Nxd5 Bxd5 20. Bb4 Rfe8 21. Bxe7
Rxe7 22. Ne3 Ba8 23. Rc1 Rd8 24. Qe2 Red7 25. Rfd1 Bh6 26. Bc2 Rd4 27. Rd3 Qa6
28. Rxd4 Qxe2 29. Rxd8+ Kg7 30. Bd3 Qxa2 31. Bc2 Qa7 32. Re1 Qb7 33. Ra1 Bxe3
34. Rdxa8 Bd4 35. R1a2 Qb4 36. Bd3 Qxb3 37. R8a3 Qb6 38. g3 Qc5 39. Ra4 Qc3 40.
Bf1 Qf3 41. Rd2 Qc3 42. Raa2 Qb3 43. Rac2 e4 44. Rc4 Bc3 45. Rd7 e3 46. fxe3 Ba5
47. Kf2 Bb6 48. Re7 Qb2+ 49. Kg1 Qf6 50. Re8 h5 51. Rf4 Qc3 52. Kf2 Qd2+ 53. Be2
Qd7 54. Ree4 g5 55. Rf3 Qd5 56. Re7 g4 57. Rf4 Bc5 58. Rexf7+ Qxf7 59. Rxf7+
Kxf7 60. h3 gxh3 61. Bxh5+ Kf6 62. Bf3 Kf5 63. Bb7 Kg5 64. Bc8 h2 65. Bb7 Kg4
66. Bf3+ Kh3 67. Bd5 Bxe3+ 1/2-1/2

[Event "61st World Juniors 2024"]
[Site "Gandhinagar IND"]
[Date "2024.06.02"]
[Round "1.56"]
[White "Eugen Mehul Shah"]
[Black "Ang, Ern Jie Anderson"]
[Result "1/2-1/2"]
[BlackTitle "CM"]
[WhiteElo "1744"]
[BlackElo "2198"]
[WhiteFideId "33444552"]
[BlackFideId "5736200"]
[EventDate "2024.06.02"]

1. d4 d5 2. c4 c6 3. cxd5 cxd5 4. Bf4 Nf6 5. Nc3 Nc6 6. e3 a6 7. Nf3 Bf5 8. Be2
e6 9. Qb3 Bb4 10. O-O Bxc3 11. Qxc3 O-O 12. Bd3 Ne4 13. Bxe4 Bxe4 14. Nd2 Bg6
15. Nb3 Rc8 16. Rac1 a5 17. a3 b6 18. Nd2 Qd7 19. Qb3 Qb7 20. Rc3 Qa6 21. Rfc1
a4 22. Qd1 Qb5 23. b3 Na7 24. bxa4 Qa5 1/2-1/2

[Event "61st World Juniors 2024"]
[Site "Gandhinagar IND"]
[Date "2024.06.02"]
[Round "1.57"]
[White "Mukund Hemant Agarwal"]
[Black "Bedi, Vaibhav"]
[Result "1-0"]
[WhiteElo "2196"]
[BlackElo "1706"]
[WhiteFideId "25679791"]
[BlackFideId "7501900"]
[EventDate "2024.06.02"]

1. e4 e5 2. Nf3 Nc6 3. Bb5 a6 4. Ba4 Nf6 5. O-O b5 6. Bb3 Bc5 7. a4 Bb7 8. c3 d6
9. d4 exd4 10. cxd4 Bb6 11. Bg5 h6 12. Bxf6 Qxf6 13. Bd5 O-O-O 14. axb5 axb5 15.
Bxc6 Bxc6 16. Nc3 b4 17. Nd5 Bxd5 18. exd5 Rhe8 19. Qa4 Bxd4 20. Qc6 1-0

[Event "61st World Juniors 2024"]
[Site "Gandhinagar IND"]
[Date "2024.06.02"]
[Round "1.58"]
[White "Dhami, Dipak"]
[Black "Jani, Kushal R"]
[Result "1-0"]
[WhiteElo "1702"]
[BlackElo "2192"]
[WhiteFideId "12325899"]
[BlackFideId "25679988"]
[EventDate "2024.06.02"]

1. d4 d5 2. Bf4 Nf6 3. e3 e6 4. c3 Bd6 5. Nf3 O-O 6. Nbd2 c5 7. Bd3 Bxf4 8. exf4
b6 9. Qc2 Qd6 10. g3 a5 11. O-O Ba6 12. Ne5 Bxd3 13. Qxd3 Nc6 14. Ndf3 Ne7 15.
Kg2 Rac8 16. Rac1 c4 17. Qc2 b5 18. a3 b4 19. axb4 axb4 20. b3 bxc3 21. bxc4
dxc4 22. Qxc3 Qa6 23. Nxc4 Nf5 24. Qa5 Qc6 25. Ne5 Qxc1 26. Rxc1 Rxc1 27. Qa7
Nd5 28. Ng5 Rc7 29. Qa1 Nd6 30. Qb1 g6 31. h4 Rb7 32. Qa2 Re7 33. Ngf3 Kg7 34.
Qe2 Rc7 35. Ng4 Nc4 36. Nfe5 Nd6 37. Nd3 Nc4 38. h5 Re7 39. h6+ Kg8 40. Nc5 Ncb6
41. Qe5 f6 42. Qd6 Kf7 43. Qc6 Rc8 44. Qb5 Rb8 45. Qd3 Ra7 46. Qe4 Re8 47. Ne3
Nb4 48. g4 Nd7 49. Nc4 Nxc5 50. Nd6+ Ke7 51. dxc5 Rb8 52. g5 Nd5 53. f5 Kf8 54.
fxe6 Nc3 55. Qf3 Na4 56. Qxf6+ Kg8 57. e7 Nxc5 58. Qg7# 1-0

[Event "61st World Juniors 2024"]
[Site "Gandhinagar IND"]
[Date "2024.06.02"]
[Round "1.59"]
[White "Md Imran"]
[Black "BRUGETTE, Romain"]
[Result "1-0"]
[WhiteTitle "FM"]
[WhiteElo "2180"]
[BlackElo "1655"]
[WhiteFideId "25748580"]
[BlackFideId "9700676"]
[EventDate "2024.06.02"]

1. d4 d5 2. Bf4 Nf6 3. Nf3 e6 4. e3 c5 5. Nbd2 a6 6. c3 Nc6 7. Bd3 c4 8. Bc2 b5
9. e4 dxe4 10. Nxe4 Nd5 11. Bg3 Be7 12. Ne5 Bb7 13. Qh5 Nxe5 14. dxe5 h6 15. O-O
Qb6 16. Rad1 O-O 17. Bh4 Nf4 18. Qg4 Bxh4 19. Qxf4 Be7 20. Rd7 Rac8 21. Nf6+
Bxf6 22. exf6 g6 23. Qxh6 Qc6 24. Qg7# 1-0

[Event "61st World Juniors 2024"]
[Site "Gandhinagar IND"]
[Date "2024.06.02"]
[Round "1.60"]
[White "Dhairya Amit Shroff"]
[Black "Mnyasta, Charlton"]
[Result "0-1"]
[WhiteElo "1459"]
[BlackElo "2174"]
[WhiteFideId "33402094"]
[BlackFideId "14343371"]
[EventDate "2024.06.02"]

1. e4 c5 2. d4 cxd4 3. c3 dxc3 4. Nxc3 Nc6 5. Nf3 g6 6. Bc4 Bg7 7. O-O d6 8. Qe2
Nf6 9. h3 O-O 10. Rd1 Nd7 11. Bg5 Nb6 12. Bb3 Be6 13. Nd5 Bxd5 14. exd5 Ne5 15.
Nd4 Re8 16. f4 Ned7 17. f5 Nc5 18. fxg6 hxg6 19. Bc2 Nxd5 20. Bxg6 fxg6 21. Qc4
Qb6 22. Qxd5+ e6 23. Qc4 d5 24. Qc2 e5 25. Nf3 Ne6+ 26. Kh1 e4 27. Rxd5 exf3 28.
gxf3 Qxb2 29. Qxb2 Bxb2 30. Rb1 Bg7 31. Rxb7 Rab8 32. Rxb8 Rxb8 33. Be3 Rb1+ 34.
Kg2 Rb2+ 35. Kg3 Rxa2 36. Rd7 a5 37. Re7 Nd4 38. Rxg7+ Kxg7 39. Bxd4+ Kh6 40.
Be3+ Kh5 41. Kf4 a4 42. Kg3 a3 43. Bf4 Re2 44. Bd6 a2 45. Bc5 a1=Q 46. Bb4 Qf1
47. Bc5 g5 48. h4 Qg2# 0-1

[Event "61st World Juniors 2024"]
[Site "Gandhinagar IND"]
[Date "2024.06.03"]
[Round "2.1"]
[White "Grebnev, Aleksey"]
[Black "Bodrogi, Bendeguz"]
[Result "1/2-1/2"]
[WhiteTitle "GM"]
[BlackTitle "FM"]
[WhiteElo "2540"]
[BlackElo "2353"]
[WhiteFideId "34189030"]
[BlackFideId "790303"]
[EventDate "2024.06.02"]

1. e4 c6 2. d4 d5 3. e5 c5 4. dxc5 e6 5. a3 Bxc5 6. Qg4 Ne7 7. Nf3 O-O 8. Bd3 f5
9. exf6 Rxf6 10. Qh5 h6 11. O-O Bd6 12. Bd2 Nbc6 13. Bc3 e5 14. Nxe5 Nxe5 15.
Bxe5 g6 16. Qe2 Re6 17. f4 Qb6+ 18. Kh1 Bxe5 19. fxe5 Qxb2 20. Qf2 Bd7 21. Nd2
Qxe5 22. Nb3 Nf5 23. Nc5 Re7 24. Nxd7 Rxd7 25. Rae1 Qd6 26. g4 Ng7 27. Qf6 Rf8
28. Qxf8+ Qxf8 29. Rxf8+ Kxf8 30. Bxg6 Re7 31. Rf1+ Kg8 32. Kg2 Ne8 33. Bd3 Kg7
34. Kg3 Nd6 35. h4 b5 36. Rb1 a6 37. Rb4 Nc4 38. a4 bxa4 39. Rxa4 Nb2 40. Rxa6
Nxd3 41. cxd3 Re3+ 42. Kf4 Rxd3 43. Ra7+ Kg8 44. Kf5 Rb3 45. Rd7 Rb5 46. Ke6 Rb4
47. Kf5 Rb5 48. Rc7 Ra5 49. Rc6 Kg7 50. Rg6+ Kh7 51. Rd6 Kg7 52. Rd7+ Kg8 53. h5
Rb5 54. Rd6 Kg7 55. Ke5 Ra5 56. Rd7+ Kg8 57. Rxd5 Rxd5+ 58. Kxd5 Kf7 59. Ke5 Ke7
60. Kf5 Kf7 61. g5 hxg5 62. Kxg5 Kg7 63. h6+ Kh8 64. Kg6 Kg8 65. h7+ Kh8 66. Kh6 1/2-1/2

[Event "61st World Juniors 2024"]
[Site "Gandhinagar IND"]
[Date "2024.06.03"]
[Round "2.2"]
[White "Sanket, Chakravarty"]
[Black "Pranav, Anand"]
[Result "0-1"]
[WhiteTitle "IM"]
[BlackTitle "GM"]
[WhiteElo "2357"]
[BlackElo "2540"]
[WhiteFideId "25032038"]
[BlackFideId "46626786"]
[EventDate "2024.06.02"]

1. e4 c5 2. c3 Nf6 3. e5 Nd5 4. Nf3 e6 5. Bc4 Nb6 6. Bb3 d6 7. d4 cxd4 8. cxd4
dxe5 9. Nxe5 Be7 10. Nc3 O-O 11. O-O Nc6 12. Be3 Bf6 13. Nxc6 bxc6 14. Ne4 Be7
15. Rc1 a5 16. Qh5 Nd5 17. Bg5 Bxg5 18. Nxg5 h6 19. Ne4 a4 20. Bxd5 cxd5 21. Nc5
Ba6 22. Rfe1 Bc4 23. b3 Bb5 24. Re3 axb3 25. Rxb3 Bc4 26. Rg3 Qf6 27. Nd7 Qf4
28. Re1 Rxa2 29. Rf3 Qd2 30. Rb1 Qb2 31. Re1 Be2 32. Nxf8 Bxf3 33. Qxf3 Ra1 34.
Qe3 Qb1 0-1

[Event "61st World Juniors 2024"]
[Site "Gandhinagar IND"]
[Date "2024.06.03"]
[Round "2.3"]
[White "Dudin, Gleb"]
[Black "Kanyamarala, Tarun"]
[Result "1-0"]
[WhiteTitle "GM"]
[BlackTitle "IM"]
[WhiteElo "2532"]
[BlackElo "2333"]
[WhiteFideId "34184934"]
[BlackFideId "45004714"]
[EventDate "2024.06.02"]

1. c4 e5 2. Nc3 Nf6 3. Nf3 Nc6 4. e3 Bb4 5. Qc2 Bxc3 6. Qxc3 Qe7 7. a3 O-O 8. b4
d5 9. cxd5 Nxd5 10. Qb3 Be6 11. Qc2 Bg4 12. Bb2 e4 13. Nd4 Nxd4 14. Bxd4 Rad8
15. h3 Bc8 16. Qb2 Qg5 17. h4 Qh6 18. Be2 f5 19. g3 a6 20. a4 Be6 21. Rc1 Rd7
22. h5 g5 23. Be5 Rfd8 24. Rc5 c6 25. Qa3 Nb6 26. Bc3 Rd5 27. Rxd5 Nxd5 28. Ba1
Kf7 29. b5 axb5 30. axb5 Qf8 31. Qb2 h6 32. bxc6 bxc6 33. O-O Rd7 34. Qe5 Ke7
35. Bd4 Qg8 36. Rc1 Rc7 37. Bc4 Kd7 38. Bc5 Qf7 39. Rb1 Nf4 40. Qd6+ 1-0

[Event "61st World Juniors 2024"]
[Site "Gandhinagar IND"]
[Date "2024.06.03"]
[Round "2.4"]
[White "Aswath, S"]
[Black "Siddharth, Jagadeesh"]
[Result "0-1"]
[WhiteTitle "IM"]
[BlackTitle "IM"]
[WhiteElo "2352"]
[BlackElo "2525"]
[WhiteFideId "46694919"]
[BlackFideId "5818320"]
[EventDate "2024.06.02"]

1. d4 Nf6 2. c4 g6 3. g3 c5 4. d5 b5 5. cxb5 a6 6. bxa6 Bg7 7. Nc3 O-O 8. Bg2 d6
9. Nf3 Nxa6 10. O-O Bf5 11. Nh4 Bd7 12. Rb1 Qa5 13. Bd2 Rfb8 14. b3 Ne8 15. Qc1
Nb4 16. a4 Qa6 17. Bf3 Rc8 18. Bh6 Bh8 19. Nd1 c4 20. bxc4 Rxc4 21. Qd2 Rd4 22.
Qe3 Be5 23. Be4 Nf6 24. Bf3 Nbxd5 25. Qb3 Bxa4 26. Qa2 Qc8 27. Rc1 Qe8 28. Ne3
Bd7 29. Qc2 Rc8 30. Qb3 Rb8 31. Qc2 Be6 32. Nxd5 Nxd5 33. Qc6 Qxc6 34. Rxc6 Rdb4
35. Rfc1 Rb1 36. Rxb1 Rxb1+ 37. Kg2 f6 38. Ra6 Rb8 39. Ra7 Kf7 40. Bd2 Rb2 41.
Bh6 Nb6 42. Rb7 Nc4 43. Ra7 d5 44. Ra6 Bd6 45. Bc1 Rb1 46. Bf4 Rb7 47. Bxd6 Nxd6
48. g4 Rb4 49. h3 h5 50. Kh2 hxg4 51. hxg4 f5 52. Ra5 Nb7 53. Ra6 fxg4 54. Bh1
Nd6 55. Ng2 Nf5 56. e3 g5 57. Ne1 g3+ 58. fxg3 Nxe3 59. Nf3 Rb2+ 60. Kg1 Rb1+
61. Kf2 Ng4+ 62. Ke2 Kf6 63. Nd4 Rxh1 64. Rxe6+ Kf7 65. Kf3 Rd1 66. Kxg4 Rxd4+
67. Kf5 Rd3 68. Rh6 Rxg3 69. Rh7+ Kf8 70. Ke6 d4 71. Rh8+ Kg7 72. Rd8 d3 0-1

[Event "61st World Juniors 2024"]
[Site "Gandhinagar IND"]
[Date "2024.06.03"]
[Round "2.5"]
[White "Makarian, Rudik"]
[Black "Ayush, Sharma"]
[Result "1/2-1/2"]
[WhiteTitle "IM"]
[BlackTitle "IM"]
[WhiteElo "2524"]
[BlackElo "2325"]
[WhiteFideId "44105681"]
[BlackFideId "45010943"]
[EventDate "2024.06.02"]

1. d4 Nf6 2. c4 e6 3. g3 c5 4. d5 exd5 5. cxd5 g6 6. Nc3 d6 7. Bg2 Bg7 8. Nf3
O-O 9. O-O Re8 10. Nd2 b6 11. a4 Na6 12. Nc4 Nb4 13. Bf4 Bf8 14. Qd2 Ba6 15. b3
Nh5 16. Bg5 f6 17. Be3 f5 18. Bg5 Be7 19. Bh6 Bf8 20. Bxf8 Rxf8 21. e4 Ng7 22.
Rae1 fxe4 23. g4 Ne8 24. Nxe4 Qd7 25. Ng5 Qxg4 26. Re4 Qh5 27. Re7 Nf6 28. Rfe1
Bxc4 29. bxc4 Nc2 30. R1e6 Nd4 31. Rxd6 Nf5 32. Rxf6 Rxf6 33. Ne4 Rff8 34. d6
Nd4 35. h3 Rad8 36. Qd3 Qf5 37. Qe3 Qf4 38. Ng5 Rxd6 39. Qxf4 Rxf4 40. Bd5+ Kf8
41. Rxh7 a6 42. Rc7 Ke8 43. Kg2 Rd7 44. Rc8+ Rd8 45. Rc7 Rd7 46. Rc8+ Ke7 47.
Ra8 b5 48. Rxa6 bxc4 49. Bxc4 Nf5 50. Re6+ Kd8 51. Bb5 Re7 52. Rc6 Nd4 53. Rxc5
Nxb5 54. axb5 Re2 55. Nf3 Rb2 56. Rc6 Rxb5 57. Rxg6 Rbf5 58. Rg3 1/2-1/2

[Event "61st World Juniors 2024"]
[Site "Gandhinagar IND"]
[Date "2024.06.03"]
[Round "2.6"]
[White "Shahil, Dey"]
[Black "Subelj, Jan"]
[Result "1/2-1/2"]
[WhiteTitle "IM"]
[BlackTitle "GM"]
[WhiteElo "2332"]
[BlackElo "2514"]
[WhiteFideId "35062352"]
[BlackFideId "14618583"]
[EventDate "2024.06.02"]

1. c4 c5 2. g3 Nc6 3. Bg2 e6 4. Nf3 Qb6 5. O-O Nf6 6. Nc3 Be7 7. e3 d5 8. b3 O-O
9. Ba3 Rd8 10. cxd5 Nxd5 11. Nxd5 exd5 12. d4 cxd4 13. Bxe7 Nxe7 14. Nxd4 Nf5
15. Rc1 Nxd4 16. Qxd4 Qxd4 17. exd4 Be6 18. Rc7 Rab8 19. b4 Kf8 20. Rfc1 Ke8 21.
h3 Rd7 22. R7c5 Kd8 23. f4 Rd6 24. g4 b6 25. Rc6 Rxc6 26. Rxc6 Kd7 27. Rc3 Kd6
28. Bf1 f5 29. g5 Rc8 30. Rxc8 Bxc8 31. Kf2 Bd7 32. Bd3 g6 1/2-1/2

[Event "61st World Juniors 2024"]
[Site "Gandhinagar IND"]
[Date "2024.06.03"]
[Round "2.7"]
[White "Manish Anto, Cristiano F"]
[Black "Nogerbek, Kazybek"]
[Result "0-1"]
[WhiteTitle "IM"]
[BlackTitle "IM"]
[WhiteElo "2307"]
[BlackElo "2502"]
[WhiteFideId "25095927"]
[BlackFideId "13710427"]
[EventDate "2024.06.02"]

1. e4 e5 2. Nf3 Nc6 3. Bb5 a6 4. Ba4 Nf6 5. O-O Bc5 6. c3 O-O 7. d4 Ba7 8. Bg5
h6 9. Bh4 exd4 10. e5 g5 11. Bxc6 dxc6 12. Nxg5 dxc3 13. Qxd8 Rxd8 14. Nxc3 hxg5
15. Bxg5 Bf5 16. exf6 Bd4 17. Rfe1 c5 18. Rac1 c4 19. Ne2 Bxb2 20. Rxc4 b5 21.
Rxc7 Rac8 22. Ra7 Rc2 23. h4 Bd3 24. Re7 Bc4 25. Ng3 Bd4 26. Re8+ Kh7 27. Rxd8
Bxf2+ 28. Kh2 Bxe1 29. Nf5 Bc3 30. Ne7 Rf2 31. Kg3 Rf1 32. Nc6 Bxa2 33. Ra8 b4
34. Nxb4 Bxb4 35. Rxa6 Bc4 36. Rc6 Bd5 37. Rc2 Bd6+ 38. Kg4 Bb3 39. Rc1 Bd1+ 40.
Rxd1 Rxd1 41. h5 Rd3 42. Bh4 Rd4+ 43. Kh3 Kh6 44. g4 Rd2 0-1

[Event "61st World Juniors 2024"]
[Site "Gandhinagar IND"]
[Date "2024.06.03"]
[Round "2.8"]
[White "Adireddy, Arjun"]
[Black "Cardoso Cardoso, Jose Gabriel"]
[Result "0-1"]
[WhiteTitle "FM"]
[BlackTitle "GM"]
[WhiteElo "2306"]
[BlackElo "2497"]
[WhiteFideId "25647709"]
[BlackFideId "4430492"]
[EventDate "2024.06.02"]

1. e4 c5 2. Nf3 d6 3. d4 cxd4 4. Nxd4 Nf6 5. Nc3 a6 6. Be3 e5 7. Nf3 Be7 8. Bc4
O-O 9. O-O Nc6 10. Qe2 Na5 11. Bd5 Bd7 12. Nd2 Rc8 13. Rac1 b5 14. a3 Be6 15. f4
Rxc3 16. bxc3 Nxd5 17. exd5 Bxd5 18. a4 Nc4 19. axb5 axb5 20. Nf3 Qc7 21. fxe5
dxe5 22. Bf2 f5 23. Rb1 Qc6 24. Nxe5 Nxe5 25. Qxe5 Bd6 26. Qe2 Bxg2 27. Qxb5
Qxb5 28. Rxb5 Bxf1 29. Kxf1 Bxh2 30. Bd4 h5 31. Rd5 h4 32. c4 h3 33. Bc3 Bg3 34.
c5 f4 35. Rh5 h2 36. c6 Rc8 37. Be5 Rxc6 0-1

[Event "61st World Juniors 2024"]
[Site "Gandhinagar IND"]
[Date "2024.06.03"]
[Round "2.9"]
[White "Avila Pavas, Santiago"]
[Black "Lopez Rayo, Santiago"]
[Result "0-1"]
[WhiteTitle "GM"]
[BlackTitle "FM"]
[WhiteElo "2495"]
[BlackElo "2277"]
[WhiteFideId "4437128"]
[BlackFideId "4455665"]
[EventDate "2024.06.02"]

1. e4 e5 2. Nf3 Nc6 3. d4 exd4 4. Nxd4 Nf6 5. Nxc6 bxc6 6. e5 Qe7 7. Qe2 Nd5 8.
g3 g6 9. c4 Ba6 10. b3 Bg7 11. Bb2 O-O 12. Bg2 Rae8 13. O-O Bxe5 14. Qxe5 Qxe5
15. Bxe5 Rxe5 16. cxd5 Bxf1 17. Kxf1 cxd5 18. Nc3 c6 19. Rd1 f5 20. Ne2 a5 21.
Rd4 Rfe8 22. Bf3 g5 23. h3 R8e6 24. Rd1 Re8 25. Nd4 Kg7 26. Nc2 Kg6 27. Rd4 h5
28. Ne3 g4 29. Bg2 Rb8 30. Ra4 Ree8 31. Kg1 Rb4 32. Rxa5 d4 33. Nxf5 d3 34. Nh4+
Kf6 35. Rf5+ Ke6 36. hxg4 hxg4 37. Kf1 d2 38. Ke2 Rd4 39. Kd1 Kd6 40. Be4 Rdxe4
41. Kxd2 Re2+ 42. Kc3 Rxa2 43. Rf4 Ree2 44. Nf5+ Kc7 45. Rxg4 Rxf2 46. Rg5 Rf3+
47. Kb4 Rd2 0-1

[Event "61st World Juniors 2024"]
[Site "Gandhinagar IND"]
[Date "2024.06.03"]
[Round "2.10"]
[White "Samant, Aditya S"]
[Black "Harshad, S"]
[Result "1/2-1/2"]
[WhiteTitle "GM"]
[BlackTitle "FM"]
[WhiteElo "2469"]
[BlackElo "2272"]
[WhiteFideId "35080580"]
[BlackFideId "46616551"]
[EventDate "2024.06.02"]

1. e4 e5 2. Nf3 Nc6 3. Bb5 Nf6 4. d3 Bc5 5. c3 O-O 6. O-O d5 7. exd5 Qxd5 8. Bc4
Qd8 9. b4 Bd6 10. Nbd2 h6 11. Re1 Re8 12. Ne4 Nxe4 13. dxe4 Qf6 14. Be3 Be6 15.
Bxe6 Qxe6 16. Qb3 Qxb3 17. axb3 a6 18. Nd2 Rad8 19. Nc4 f6 20. Kf1 Kf7 21. Ke2
Bf8 22. g4 Rd7 23. h4 Red8 24. h5 Ke6 25. Rec1 Be7 26. Nd2 Na7 27. Nc4 Nb5 28.
Na5 c6 29. Ra2 Rb8 30. Nc4 Bd8 31. Bc5 Be7 32. Be3 Bd8 33. Rd2 Rxd2+ 34. Kxd2
Nd6 35. f3 Nxc4+ 36. bxc4 Bc7 37. Kc2 Kd7 38. Rd1+ Ke6 39. Rb1 Kd7 40. Bc5 Rd8
41. Be3 Rb8 42. c5 Rd8 43. c4 Ra8 44. Rd1+ Ke7 45. Kb3 Rd8 46. Rxd8 Kxd8 47. Ka4
Kc8 48. Bd2 Kd7 49. b5 axb5+ 50. cxb5 b6 51. cxb6 Bxb6 52. Bb4 cxb5+ 53. Kxb5
Be3 54. Bf8 Ke8 55. Bc5 Bc1 56. Kc6 Kf7 57. Kd7 Bd2 58. Be7 1/2-1/2

[Event "61st World Juniors 2024"]
[Site "Gandhinagar IND"]
[Date "2024.06.03"]
[Round "2.11"]
[White "Koziorowicz, Michal"]
[Black "Budisavljevic, Luka"]
[Result "1/2-1/2"]
[WhiteTitle "FM"]
[BlackTitle "GM"]
[WhiteElo "2304"]
[BlackElo "2468"]
[WhiteFideId "21809194"]
[BlackFideId "960047"]
[EventDate "2024.06.02"]

1. e4 c5 2. Nf3 e6 3. d4 cxd4 4. Nxd4 a6 5. c4 Nf6 6. Nc3 Qc7 7. a3 b6 8. Be3
Bb7 9. f3 Nc6 10. Be2 Be7 11. O-O O-O 12. Rc1 Rad8 13. Na4 Rb8 14. b4 Bd6 15.
Kh1 Bxh2 16. f4 Nxd4 17. Qxd4 Bg3 18. e5 Ne4 19. Qxb6 Qc8 20. Kg1 f5 21. exf6
Rxf6 22. Nc5 e5 23. Qxb7 Rxb7 24. Nxe4 Qf8 25. Nxg3 exf4 26. Nh5 fxe3 27. Nxf6+
gxf6 28. Rf3 a5 29. Rxe3 axb4 30. Bf3 Qc5 31. Re1 Rb8 32. Bd5+ Kh8 33. axb4 Qxb4
34. Kh1 f5 35. Rf1 Rf8 36. Rf4 Qb2 37. Ref3 Rf6 38. Kg1 Qc1+ 39. Rf1 Qe3+ 40.
R1f2 Kg7 41. Rf3 Qe1+ 42. Rf1 Qe5 43. Rf4 h5 44. Kh1 Kg6 45. Rh4 Qe2 46. Rc1 Qf2
47. Rh3 h4 48. Rd1 Kg5 49. Rf3 Qe2 50. Rg1 f4 51. Rgf1 Qd2 52. R3f2 Qd4 53. Rf3
Rb6 54. Kh2 Qe5 55. Kh1 Rb2 56. Rh3 Qd4 57. Rhf3 Re2 58. Kh2 Qd2 59. Rh3 Re3 60.
Rhf3 Re2 61. Rh3 Qc2 62. Kh1 Qb2 63. Kh2 Rd2 64. Kh1 Qc2 65. Re1 Qb2 66. Rf1 Re2
67. Kh2 Qe5 68. Kh1 Qd4 69. Rhf3 Re7 70. Rh3 Qd2 71. Kh2 Rg7 72. Kh1 Rh7 73. Be4
Rh6 74. Rd3 Qb2 75. Rd5+ Kf6 76. Rd6+ Kg5 77. Rd5+ 1/2-1/2